000 00910nam a22002537a 4500
999 _c21226
_d21226
003 AR-CdUCM
008 190320b ||||| |||| 00| 0 spa d
020 _a9786120026854
040 _aMUNICIPALIDAD PROVINCIAL DEL CUSCO
_cBIBLIOTECA MUNICIPAL DEL CUSCO
082 _a620.11 / T17
_bT17
100 _aTamayo Araoz, Evelyn Garleth
_944321
245 _aResistencia de materiales para estudiantes de Ingeniería Mecánica /
260 _aCusco :
_bAmauta,
_c2017.
300 _a133 paginas ;
_c29 cm.
505 _aContenido: Tracción comprensión y corte -- Flexión -- Columnas ...
650 _aIngeniería Mecánica
_921446
650 _aLey de Hooke
_944322
650 _aRelación de Poisson
_944323
650 _aDeformación térmica
_944324
700 _aChancatuma Huaman, Jesús Eusebio
_944325
700 _aIzquierdo Morales, Raul Alberto
_944326
942 _2ddc
_cLIBROS
945 _aRoel